<?xml version="1.0" encoding="UTF-8"?>
<record
    xmlns:xsi="http://www.w3.org/2001/XMLSchema-instance"
    xsi:schemaLocation="http://www.loc.gov/MARC21/slim http://www.loc.gov/standards/marcxml/schema/MARC21slim.xsd"
    xmlns="http://www.loc.gov/MARC21/slim">

  <leader>09101cam a22004694i 4500</leader>
  <controlfield tag="003">PE-LiUPU</controlfield>
  <controlfield tag="005">20250731183343.0</controlfield>
  <controlfield tag="008">150209s2015    gw ae         000 0 eng d</controlfield>
  <datafield tag="020" ind1=" " ind2=" ">
    <subfield code="a">9783869224176</subfield>
  </datafield>
  <datafield tag="020" ind1=" " ind2=" ">
    <subfield code="a">3869224177</subfield>
  </datafield>
  <datafield tag="035" ind1=" " ind2=" ">
    <subfield code="a">(Sirsi) i9783869224176</subfield>
  </datafield>
  <datafield tag="040" ind1=" " ind2=" ">
    <subfield code="a">PE-LiUPU</subfield>
    <subfield code="b">spa</subfield>
    <subfield code="c">PE-LiUPU</subfield>
    <subfield code="e">rda</subfield>
  </datafield>
  <datafield tag="049" ind1=" " ind2=" ">
    <subfield code="a">PRUA</subfield>
  </datafield>
  <datafield tag="082" ind1="0" ind2="4">
    <subfield code="a">720.2</subfield>
    <subfield code="b">A68</subfield>
  </datafield>
  <datafield tag="245" ind1="0" ind2="0">
    <subfield code="a">Architectural diagrams 1. /</subfield>
    <subfield code="c">Miyoung Pyo.</subfield>
  </datafield>
  <datafield tag="250" ind1=" " ind2=" ">
    <subfield code="a">Segunda edici&#xF3;n.</subfield>
  </datafield>
  <datafield tag="264" ind1=" " ind2="1">
    <subfield code="a">Berlin :</subfield>
    <subfield code="b">DOM Publishers,</subfield>
    <subfield code="c">2015</subfield>
  </datafield>
  <datafield tag="300" ind1=" " ind2=" ">
    <subfield code="a">383 p&#xE1;ginas :</subfield>
    <subfield code="b">ilustraciones ;</subfield>
    <subfield code="c">29 cent&#xED;metros.</subfield>
  </datafield>
  <datafield tag="336" ind1=" " ind2=" ">
    <subfield code="a">text</subfield>
    <subfield code="2">rdacontent</subfield>
  </datafield>
  <datafield tag="337" ind1=" " ind2=" ">
    <subfield code="a">unmediated</subfield>
    <subfield code="2">rdamedia</subfield>
  </datafield>
  <datafield tag="338" ind1=" " ind2=" ">
    <subfield code="a">volume</subfield>
    <subfield code="2">rdacarrier</subfield>
  </datafield>
  <datafield tag="490" ind1="1" ind2=" ">
    <subfield code="a">Manual de construcci&#xF3;n y dise&#xF1;o</subfield>
  </datafield>
  <datafield tag="505" ind1="0" ind2=" ">
    <subfield code="a">Essay / Jungwoo Ji -- Public space : Aalborg Harbour Bath / JDS Architects -- A building for books Z-A Studio &amp; Studio ST -- Altiens Bathhouse / JDA Architects -- Arnhem Central / UNStudio -- Barcelona Encants / JDA Architects -- Belgian Pavilion Shanghai / JDS Architects -- Bicycle storage / VMX Architects -- Bullfighter's Costume / nodo17 Architects -- Butcher's Bridge / Sadar Vuga Arhitekti -- CWBG / NL Architects -- Dublin Docklands Open Air Bath / JDS Architects -- Dune Terrace / nArchitects -- Dusty Relief, B-Mu / R&amp;Sie architects -- Entertainment complex / Manuelle Gautrand Architecture -- Extension of the Lille Modern Art Museum / Manuelle Gautrand Architecture -- Filmmuseum / NL Architects ; Floating islands / Vincent Callebaut Architectures -- General aviation terminal / VMX Architects -- Grand Egyptian Museum / JDS Architects -- Groninger Forum / NL Architects -- Groundnoise Schiphol / NL Architects -- Guben Gubin / J. Mayer H. Architects -- Guiyang Huzxi Urban Centre / Serie Architects -- Health sciences campus / Serie Architects -- Helsingor Psychiatric Hospital / JDS Architects -- High Square / JDS Architects -- Highway...ing / SMAQ -- Hua_Cultural &amp; Shopping Center / JDS Architects -- Incognito / AA+U partnership for Architecture, art and urbanism -- Lava Land / NL Architects -- Les Halles / Periqheriques architects -- Library / ma0 -- Light house / Re_Load -- Lindesnes Culture Square / JDS Architects -- Ljubljana Passenger Station / Sadar Vuga Arhitekti -- LK 0 / AMID [cero9] -- Low energy housing / JDS Architects -- Maritime Youth House / JDS Architects -- Market in Sanchinarro / Leon11 Architects -- Mensa Karlsruhe / J. Mayer H. Architects -- Metro D / IaN+ -- MM / AMID [cero9] -- Museum Neuhaus Liaunig Collection / Sadar Vuga Arhitekti -- Muziekpaleis / NL Architects -- My School is a FLower / IaN+ -- Neuronal Alien / Vincent Callebaut Architectures -- New Teramo Theatre Complex / IaN+ -- Nursery school / mxg architects -- Padua Auditorium / kadawittfeldarchitektur -- Pinault Foundation for Contemporary Art / Manuelle Gautrand Architecture -- Ponte Parodi / UNStudio -- Prostneset Terminal / Spacegroup -- Red Baobab / Vincent Callebaut Architectures -- Reefmod / servo -- Rolling aqua center / JDS Architects -- Salzburg Central Station / kadawittfeldarchitektur -- Sami Cultural Centre / Galvez + Wieczorek -- School in Rome / ma0 -- Scoop / SMAQ -- Shenzhen International Airport, Terminal 3 / Reiser + Umemoto RUR Architecture PC -- Sjakket / JDS Architects -- Spinderihallerne / JDS Architects -- Sport park / nodo17 Architects -- Stavanger Concert Hall / JDS Architects -- Stockholm's Garden Library / JDS Architects -- Strijp S / NL Architects -- Taipei Performing Arts Center / NL Architects -- Taipei Performing Arts Center / Serie Architects -- Tallinn Town Hall / BIG -- Theater Agora / UNStudio -- Thunnus Thynnus / nodo17 Architects -- Tittot Glass Museum / IaN+ -- Treviso Cultural Centre / Re_Load -- Welzijnscluster Zoetermeer / SeARCH -- Wroc&#x142;aw 2012 / Gaullart Architects -- X Site / NL Architects -- Zwaluwen Utrecht 1911 / NL Architects --</subfield>
  </datafield>
  <datafield tag="505" ind1="0" ind2=" ">
    <subfield code="a">Landscape : A 10 Highway / kadawittfeldarchitektur -- Aberna / NL Architects -- Batoutz Port and Ocean Plaza / Gaullart Architects -- Baywatch / PEG office of landscape and architecture -- Biobox / servo -- Bonn Square / CJ Lim, Studio 8 Architects -- Composer Tubin Monument / Zizi&amp;Yoyo -- Eleftheria Square / AA+U partnership for Architecture art and urbanism -- Esa Stahlhof / plattformberlin -- Fregene Seaside / 2TR Architettura -- From Flower to Flower / nodo17 Architects -- Fugee Port / Guallart Architects -- Garden in Bari / ma0 -- Guangming sustainable park / CJ Lim, Studio 8 Architects -- Hag St.Joseph / plattformberlin -- Heart of Magok is nature of living water / Samoo Architects &amp; Engineers -- Indre Sogn Arts Centre / IaN+ -- Isole d'Acqua / NL Architects -- Joie de Vie(w) / PEG office of landscape + architecture -- Kaleidoscope Street / Re_Load -- Keelung / Guallart Architects -- La Joliette / plattformberlin -- Linear Park / Galvez + Wieczorek -- Masdar Plaza, Oasis of the Future / LAVA -- Mies van der Rohe Plaza / PEG office of landscape + architecture -- Nanyu Shopping Park / CJ Lim, Studio 8 Architects -- On Canal Street / beva -- Opatija New Square / PSA -- Planken Mannheim / plattformberlin -- Playa Lava / J. Mayer H. Architects -- P.O.R.T. / nArchitects -- Public gradation on Green Armed Plaza / Jungwoo Ji -- Rozzol Melara / ma0 -- Schools / One Architecture -- Sensational Park / Nabito Arquitectura -- Square in Copenhaguen / Leon11 Architects -- The new entrance to Tj&#xF6;rn / gunnarsson pettersson -- Trondheim Fjordpark / JDS Architects -- Upgrade Piloni / Nabito Arquitectura S.C.P. -- Urban study / beva -- Vinar&#xF2;s project / Guallart Architects -- Vosselveld / One Architecture -- Watercourse / PEG office of landscape + architecture -- Water park / Ecosistema Urbano + TECTUM --</subfield>
  </datafield>
  <datafield tag="505" ind1="0" ind2=" ">
    <subfield code="a">Urban design : Almere Hout / ma0 -- Badajoz CH 852 / Leon11 Architects -- Brussels Administrative City / JDS Architects -- Bruxelles Landsflow / Actar Arquitectura -- Campus Bordeaux / Tania Conko Architects -- Carlsberg Vores By / Leon11 Architects -- CBO Cottbus / plattformberlin -- Cipps / 2TR Architettura -- Contemporary Raumplan / EBPC -- Cumulus / SMAQ -- Crystal Palace / mxg architects -- Dotsandloops / SMAQ -- Dutch Mountains / One Architecture -- Eco Village Riga / Iotti+Pavarani Architetti -- FBM Perugia / EBPC -- Filipstad / Spacegroup -- Foshan Sansui urban plan / Reiser+Umemoto RUR Architecture PC -- GPRU Porte de Montreuil / One Architecture -- Hicat: New Port, New City / Willy M&#xFC;ller Architects -- IFCCA 42nd-23rd Street / UNStudio -- KLM / BIG -- L.A.R.S. / SMAQ -- La Pirotterie / Periqheriques Architects -- Lactarius / nodo17 Architects -- Les Halles / One Architecture -- LJ:Sonic Polder / Bernd Kniess Architects Urban Planners -- Mapping:Play / Bernd Kniess Architects Urban Planners -- Maritime Front of Almeria / Willy M&#xFC;ller Architects -- Mayday / data architects -- Networking for the multi-functional administrative city / Jungwoo Ji -- New Tainan Taiwan by Design / Willy M&#xFC;ller Architects -- Nouveau Bassin / ECDM -- Osaka Central Station Area / IaN+ -- Panic&amp;Planting / Bernd Kniess Architects Urban Planners -- Perfumed Jungle / Vincent Callebaut Architectures -- Refilling green / Re_Load -- Seeds and Vector / Enrique Arenas Laorga &amp; Luis Basabe Montalvo -- Slow Town Vema / Iotti + Pavarani Architetti -- Stepscape, greenscape, waterscape / Florian Krieger -- STU Campus / CJ Lim, Studio 8 Architects -- Suburban Frames / Florian Krieger -- Sun-fields / Florian Krieger -- The urban corset, a hybrid intermediary / Vincent Callebaut Architecture -- Touching water b4architects -- Urban living rooms / Iotti + Pavarani Architetti -- Urban voids / Ecosistema Urbano + TECTUM -- Velika Plaza / Spacegroup &amp; JDS Architects -- Vema / ma0 -- Voresby Carlsberg / ECDM -- West Side Convergence / Reiser+Umemoto RUR Architecture PC -- WID / Bernd Kniess Architects Urban Planners -- Wiesenfeld / Florian Krieger -- World Village of Women Sports / BIG -- Xeritown / SMAQ &amp; X Architects -- Zakusala Riga / Spacegroup -- Zira Island masterplan / BIG -- Zoetermeer Afrikaweg / One Architecture -- 3X2: elements for the urban landscape / Florian Krieger -- 16 dwellings Cherleville-M&#xE9;zi&#xE8;res / mxg architects -- 288 dwellings / mxg architects.</subfield>
  </datafield>
  <datafield tag="526" ind1=" " ind2=" ">
    <subfield code="a">P158</subfield>
  </datafield>
  <datafield tag="526" ind1=" " ind2=" ">
    <subfield code="a">P146</subfield>
  </datafield>
  <datafield tag="526" ind1=" " ind2=" ">
    <subfield code="a">P17</subfield>
  </datafield>
  <datafield tag="526" ind1=" " ind2=" ">
    <subfield code="a">P12</subfield>
  </datafield>
  <datafield tag="526" ind1=" " ind2=" ">
    <subfield code="a">P06</subfield>
  </datafield>
  <datafield tag="650" ind1="1" ind2="4">
    <subfield code="a">Dise&#xF1;o arquitect&#xF3;nico</subfield>
    <subfield code="y">Siglo XXI.</subfield>
  </datafield>
  <datafield tag="650" ind1="2" ind2="4">
    <subfield code="a">Proyectos de arquitectura</subfield>
    <subfield code="y">Siglo XXI.</subfield>
  </datafield>
  <datafield tag="700" ind1="1" ind2=" ">
    <subfield code="a">Pyo, Mi Young,</subfield>
    <subfield code="e">editor.</subfield>
  </datafield>
  <datafield tag="830" ind1=" " ind2="0">
    <subfield code="a">Manual de construcci&#xF3;n y dise&#xF1;o.</subfield>
  </datafield>
  <datafield tag="910" ind1=" " ind2=" ">
    <subfield code="a">jck</subfield>
  </datafield>
  <datafield tag="942" ind1=" " ind2=" ">
    <subfield code="2">ddc</subfield>
    <subfield code="c">BOOK</subfield>
  </datafield>
  <datafield tag="949" ind1=" " ind2=" ">
    <subfield code="a">720.2 A68</subfield>
    <subfield code="w">DEWEY</subfield>
    <subfield code="c">1</subfield>
    <subfield code="i">72801</subfield>
    <subfield code="l">CCODEBUL1</subfield>
    <subfield code="m">BUL</subfield>
    <subfield code="p">90.94</subfield>
    <subfield code="r">0</subfield>
    <subfield code="s">Y</subfield>
    <subfield code="t">BOOK</subfield>
    <subfield code="u">2016-5-25</subfield>
    <subfield code="x">FIA</subfield>
    <subfield code="0">COMPRA</subfield>
    <subfield code="o">.CIRCNOTE. El documento es de alto precio.</subfield>
    <subfield code="o">.STAFF. Colecci&#xF3;n General</subfield>
  </datafield>
  <datafield tag="949" ind1=" " ind2=" ">
    <subfield code="a">720.2 A68</subfield>
    <subfield code="w">DEWEY</subfield>
    <subfield code="c">2</subfield>
    <subfield code="i">73470</subfield>
    <subfield code="l">CCODEBUL1</subfield>
    <subfield code="m">BUL</subfield>
    <subfield code="p">90.94</subfield>
    <subfield code="r">0</subfield>
    <subfield code="s">Y</subfield>
    <subfield code="t">BOOK</subfield>
    <subfield code="u">2016-5-25</subfield>
    <subfield code="x">FIA</subfield>
    <subfield code="0">COMPRA</subfield>
    <subfield code="o">.CIRCNOTE. El documento es de alto precio.</subfield>
    <subfield code="o">.STAFF. Colecci&#xF3;n General</subfield>
  </datafield>
  <datafield tag="999" ind1=" " ind2=" ">
    <subfield code="c">9518</subfield>
    <subfield code="d">9518</subfield>
  </datafield>
  <datafield tag="980" ind1=" " ind2=" ">
    <subfield code="8">1</subfield>
    <subfield code="g">ALBERTO SANCHEZ Responsable de Automatizaci&#xF3;n</subfield>
  </datafield>
  <datafield tag="952" ind1=" " ind2=" ">
    <subfield code="r">2025-12-03 00:00:00</subfield>
    <subfield code="i">8</subfield>
    <subfield code="l">9</subfield>
    <subfield code="o">720.2 A68</subfield>
    <subfield code="p">72801</subfield>
    <subfield code="s">2024-09-27</subfield>
    <subfield code="t">e1</subfield>
    <subfield code="v">95.94</subfield>
    <subfield code="w">2016-05-25</subfield>
    <subfield code="x">FIA</subfield>
    <subfield code="y">BK</subfield>
    <subfield code="z">inventario-2023-12-13</subfield>
    <subfield code="1">0</subfield>
    <subfield code="2">ddc</subfield>
    <subfield code="5">0</subfield>
    <subfield code="7">0</subfield>
    <subfield code="8">GEN</subfield>
    <subfield code="f">P06</subfield>
    <subfield code="a">BUL</subfield>
    <subfield code="b">BUL</subfield>
    <subfield code="c">GEN</subfield>
    <subfield code="d">2016-05-25</subfield>
    <subfield code="e">COMPRA</subfield>
    <subfield code="g">90.94</subfield>
  </datafield>
  <datafield tag="952" ind1=" " ind2=" ">
    <subfield code="r">2026-04-10 12:57:24</subfield>
    <subfield code="i">8</subfield>
    <subfield code="l">2</subfield>
    <subfield code="o">720.2 A68</subfield>
    <subfield code="p">73470</subfield>
    <subfield code="s">2026-04-08</subfield>
    <subfield code="t">e2</subfield>
    <subfield code="v">95.00</subfield>
    <subfield code="w">2016-06-21</subfield>
    <subfield code="x">FIA</subfield>
    <subfield code="y">BK</subfield>
    <subfield code="z">inventario-2023-12-13</subfield>
    <subfield code="1">0</subfield>
    <subfield code="2">ddc</subfield>
    <subfield code="5">0</subfield>
    <subfield code="7">0</subfield>
    <subfield code="8">GEN</subfield>
    <subfield code="f">P06</subfield>
    <subfield code="a">BUL</subfield>
    <subfield code="b">BUL</subfield>
    <subfield code="c">GEN</subfield>
    <subfield code="d">2016-06-21</subfield>
    <subfield code="e">COMPRA</subfield>
    <subfield code="g">90.00</subfield>
  </datafield>
</record>
